|
|
|
|
| LEADER |
00000nas a2200000 a 4500 |
| 001 |
ssj0000602429 |
| 003 |
WaSeSS |
| 005 |
20200512172242.0 |
| 006 |
m d |
| 007 |
cr n |
| 008 |
100217c20099999enkqr p s 0 a0eng |
| 010 |
|
|
|a cn2011300705
|
| 015 |
|
|
|a 20113007051
|2 can
|
| 016 |
|
|
|a (AMICUS)000037425056
|
| 016 |
|
|
|a 20113007051
|
| 022 |
|
|
|a 1925-2099
|l 1925-2099
|y 1918-6444
|
| 035 |
|
|
|a (WaSeSS)ssj0000602429
|
| 040 |
|
|
|a NLC
|b eng
|e pn
|c NLC
|d OCLCQ
|d CUS
|d OCLCO
|d OCLCQ
|d OCLCF
|d OCLCO
|d DLC
|d CUS
|d OCLCQ
|d NLC
|d TXA
|d REB
|d OCLCQ
|d DLC
|d OCLCQ
|d VT2
|d S2H
|d WaSeSS
|
| 042 |
|
|
|a nlc
|a pcc
|a nsdp
|
| 050 |
0 |
0 |
|a HD2755.5
|
| 082 |
1 |
|
|a 338.8
|2 14
|
| 222 |
|
0 |
|a Transnational corporations review
|
| 245 |
0 |
0 |
|a Transnational corporations review
|h [electronic resource].
|
| 246 |
1 |
|
|a TNCR
|
| 260 |
|
|
|3 2009- :
|a [Ottawa] :
|b Ottawa United Learning Academy :
|b Denfar Transnational Development,
|c [2009]-
|
| 260 |
3 |
|
|3 2016- :
|a Abingdon, UK :
|b Taylor & Francis
|
| 310 |
|
|
|a Quarterly
|
| 362 |
1 |
|
|a Began with: VOLUME 1, Number 1 (March 2009).
|
| 506 |
|
|
|a License restrictions may limit access.
|
| 550 |
|
|
|a Co-published with Denfar Transnational Development.
|
| 588 |
|
|
|a Description based on: VOLUME 1, Number 1 (March 2009); title from PDF cover (LAC, viewed on Mar. 30, 2011).
|
| 588 |
|
|
|a Latest issue consulted: VOLUME 10, Number 1 (2018) (Taylor & Francis website, viewed June 22, 2018).
|
| 650 |
|
0 |
|a International business enterprises
|v Periodicals.
|
| 650 |
|
7 |
|a International business enterprises.
|2 fast
|0 (OCoLC)fst00976774
|
| 655 |
|
0 |
|a Electronic journals.
|
| 710 |
2 |
|
|a Ottawa United Learning Academy.
|
| 710 |
2 |
|
|a Denfar Transnational Development.
|
| 776 |
0 |
8 |
|i Print version:
|t Transnational corporations review
|x 1918-6444
|w (DLC)cn2011300704
|w (OCoLC)724295835
|
| 850 |
|
|
|a DLC
|
| 856 |
4 |
0 |
|z Full text available from Research Library: 03/01/2009 to 09/30/2015
|u https://search.proquest.com/publication/1036406
|
| 886 |
2 |
|
|2 canmarc
|a 910
|b 2-
|a OULA
|
| 886 |
2 |
|
|2 canmarc
|a 910
|b 2-
|a Denfar
|
| 886 |
2 |
|
|2 canmarc
|a 990
|b 10
|a 91001a
|b 71001a
|
| 886 |
2 |
|
|2 canmarc
|a 990
|b 10
|a 91002a
|b 71002a
|